000 00307nam a22001457a 4500
003 SGT
082 _a340,NAR
100 _aNARAYANAS,P.S
245 _aTHE TRADE UNIONS ACT, 1926
250 _a4TH
260 _aHYDERABAD
_bASIA LAW HOUSE
_c2009
300 _a600
650 _aLAW BOOKS
942 _2ddc
_cBK
999 _c10145
_d10145